LEADER 01410nam a2200265 i 4500 001 000000164447 003 CaOOAMICUS 005 20070914000000.0 008 070914s2006 it u000 u ita u 013 $a141815 020 $a88-8025-574-6 040 $aSeMil$bita 110 0 $aConsulta regionale lombarda per la pastorale della famiglia.$0(OLS)http://semarc/name/59412 245 10$a«Fate quello che vi dirą» (Gv 2,5) :$bsussidio per la pastorale con i giovani sposi : come Gesł alle nozze di Cana, vi accompagniamo oggi, giovani sposi, dentro l'esperienza della Chiesa /$cConsulta regionale lombarda per la pastorale della famiglia. 260 $aMilano :$bCentro Ambrosiano,$c2006. 300 $a70 p. ;$c21 cm. 500 $aDono del Card. Dionigi Tettamanzi. 650 4$aMatrimonio - Pastorale.$0(OLS)http://semarc/subject/4924 850 $aSeMil 852 $aSeMil$W1$xVenegono$y1$m2E II 432$j115707$B115707$CSeMilBibl$Z2$F126893 $81 941 1 $a5 961 $aOmaggio: Tettamanzi Card. Dionigi 996 $6020$a88-8025-574-6$9(OLS)http://semarc/number/150699 996 $6245$a«Fate quello che vi dirą» (Gv 2,5) :$bsussidio per la pastorale con i giovani sposi : come Gesł alle nozze di Cana, vi accompagniamo oggi, giovani sposi, dentro l'esperienza della Chiesa$9(OLS)http://semarc/title/234611 996 $6260$aMilano :$bCentro Ambrosiano$9(OLS)http://semarc/publisher/29766 LEADER 00914nam a2200229 i 4500 001 000000250547 003 CaOOAMICUS 005 20160809000000.0 008 160809n it u000 u ita u 013 $a229452 040 $aSeMil$bita 100 1 $aOggioni, Giulio ,$c.$0(OLS)http://semarc/name/9920 245 13$aIl concetto patristico di "predicatore" /$c[lezione di don Giulio Oggioni. 260 $aS.l. :$bs.n.],$c19-?. 300 $a6 c. ;$c28 cm. 500 $aDattiloscritto. 650 4$aDispense scolastiche.$0(OLS)http://semarc/subject/526 650 4$aPredicazione - Studi.$0(OLS)http://semarc/subject/1679 850 $aSeMil 852 $aSeMil$W1$xVenegono$y1$m5D XI 17/18$j200893$B200893$CSeMilBibl$Z2$F212648 $81 996 $6245$aIl concetto patristico di "predicatore"$9(OLS)http://semarc/title/352758 996 $6260$aS.l. :$bs.n.]$9(OLS)http://semarc/publisher/37924